|
|
|
|
| LEADER |
03146nam a2200745 4500 |
| 001 |
ocn867001102 |
| 003 |
OCoLC |
| 005 |
20170124070000.4 |
| 006 |
m o d |
| 007 |
cr ||||||||||| |
| 008 |
131230s2014 enk ob 001 0 eng |
| 010 |
|
|
|a 2013051085
|
| 040 |
|
|
|a DLC
|b eng
|e rda
|c DLC
|d YDX
|d CUS
|d DG1
|d N$T
|d YDXCP
|d IDEBK
|d EBLCP
|d UKMGB
|d CDX
|d MMU
|d COO
|d OCLCO
|d RECBK
|d DEBBG
|d GrThAP
|
| 016 |
7 |
|
|a 016697423
|2 Uk
|
| 019 |
|
|
|a 877038592
|a 879912656
|
| 020 |
|
|
|a 9781118871195 (ePub)
|
| 020 |
|
|
|a 1118871197 (ePub)
|
| 020 |
|
|
|a 9781118871461 (Adobe PDF)
|
| 020 |
|
|
|a 1118871464 (Adobe PDF)
|
| 020 |
|
|
|z 9780470670316 (pbk.)
|
| 020 |
|
|
|a 9781118874875
|
| 020 |
|
|
|a 1118874870
|
| 020 |
|
|
|a 1306639727
|
| 020 |
|
|
|a 9781306639729
|
| 020 |
|
|
|z 0470670312
|
| 029 |
1 |
|
|a NZ1
|b 15494919
|
| 029 |
1 |
|
|a DEBBG
|b BV042796351
|
| 029 |
1 |
|
|a GBVCP
|b 821064436
|
| 029 |
1 |
|
|a AU@
|b 000058366815
|
| 029 |
1 |
|
|a DEBBG
|b BV043396445
|
| 035 |
|
|
|a (OCoLC)867001102
|z (OCoLC)877038592
|z (OCoLC)879912656
|
| 037 |
|
|
|a 595223
|b MIL
|
| 042 |
|
|
|a pcc
|
| 050 |
0 |
0 |
|a RC387.5
|
| 060 |
1 |
0 |
|a WE 805
|
| 072 |
|
7 |
|a MED
|x 085000
|2 bisacsh
|
| 082 |
0 |
0 |
|a 617.4/810443
|2 23
|
| 049 |
|
|
|a MAIN
|
| 100 |
1 |
|
|a Copley, Jodie,
|e author.
|
| 245 |
1 |
0 |
|a Neurorehabilitation of the upper limb for children and adults :
|b managing hypertonicity and optimising function /
|c Dr. Jodie Copley, Dr. Kathy Kuipers.
|
| 263 |
|
|
|a 1407
|
| 264 |
|
1 |
|a Chichester, West Sussex :
|b Wiley Blackwell,
|c 2014.
|
| 300 |
|
|
|a 1 online resource.
|
| 336 |
|
|
|a text
|2 rdacontent
|
| 337 |
|
|
|a computer
|2 rdamedia
|
| 338 |
|
|
|a online resource
|2 rdacarrier
|
| 504 |
|
|
|a Includes bibliographical references and index.
|
| 505 |
0 |
|
|a Seeing the bigger picture : using clients' experiences to shape clinical practice -- What happens to the upper limb after brain injury? -- The hypertonicity intervention planning model for upper limb neuro-rehabilitation -- Making sense of the clinical picture : assessment and goal setting -- Case studies -- Movement and strength training -- Splinting -- Casting -- Botulinum neurotoxin -- Surgery -- Case studies revisited.
|
| 588 |
|
|
|a Description based on print version record and CIP data provided by publisher.
|
| 650 |
|
2 |
|a Muscle Hypertonia
|x rehabilitation.
|
| 650 |
|
2 |
|a Upper Extremity
|x physiopathology.
|
| 650 |
|
2 |
|a Brain Injuries
|x complications.
|
| 650 |
|
2 |
|a Movement Disorders
|x therapy.
|
| 650 |
|
2 |
|a Orthopedic Fixation Devices.
|
| 650 |
|
2 |
|a Patient-Centered Care.
|
| 650 |
|
0 |
|a Nervous system
|x Diseases
|x Patients
|x Rehabilitation.
|
| 650 |
|
0 |
|a Arm
|x Wounds and injuries
|x Patients
|x Rehabilitation.
|
| 650 |
|
0 |
|a Arm
|x Movements.
|
| 650 |
|
7 |
|a MEDICAL
|x Surgery
|x General.
|2 bisacsh
|
| 655 |
|
4 |
|a Electronic books.
|
| 655 |
|
7 |
|a Electronic books.
|2 local
|
| 700 |
1 |
|
|a Kuipers, Kathy,
|e author.
|
| 776 |
0 |
8 |
|i Print version:
|a Copley, Jodie, author.
|t Neurorehabilitation of the upper limb for children and adults
|d Chichester, West Sussex : John Wiley & Sons, 2014
|z 9780470670316
|w (DLC) 2013049512
|
| 856 |
4 |
0 |
|u https://doi.org/10.1002/9781118874875
|z Full Text via HEAL-Link
|
| 994 |
|
|
|a 92
|b DG1
|